000 00773cam a2200277 4500
001 ABS63140
008 000000n2000 000 0 eng u
035 _a(Sirsi) u109654
245 _aRegional survey: London boroughs west
260 _c2000
490 _aProperty Week
_v65(46) 24 November 2000, 73-87(6)
590 _aABS
650 _aHAMMERSMITH
650 _aHEATHROW
650 _aPROPERTY-COMMERCIAL PROPERTY-OFFICE PROPERTY-OFFICE PROPERTY MARKET
650 _aIT SECTOR
650 _aOFFICE RENTS
650 _aBUSINESS PARKS
650 _aPARK ROYAL
650 _aHOUNSLOW
650 _aINDUSTRIAL MARKET
650 _aFORECASTS
650 _aRAILTRACK
690 _aPROPERTY-COMMERCIAL PROPERTY-COMMERCIAL PROPERTY MARKET
942 _n0
999 _c65468
_d65468